000 00290nam a22001337a 4500
008 170215b xxu||||| |||| 00| 0 eng d
020 _a9781416030645
041 _aeng
080 _24TH
_a61
100 _a4
101 _aSHM
245 _aREVIEW OF FAMILY MEDICINE
_cBOPE
942 _2udc
_cBK
999 _c5572
_d5572